| 000 | 00430 a2200157 4500 | ||
|---|---|---|---|
| 020 | _a 0006171044 | ||
| 082 | _a823.912 | ||
| 090 |
_c1011 _d1011 |
||
| 100 | _aEnglish Literature | ||
| 245 |
_aThe Hound of Death _cAgatha Christie |
||
| 260 |
_aLondon : , _bHarperCollins Publishers _c1933. |
||
| 300 |
_a218 p. ; _b 19 cm. |
||
| 500 | _aIncludes Index | ||
| 650 | _aDetective and mystery stories, English. | ||
| 942 |
_cBK _k823.912 CHR |
||
| 999 |
_c4975 _d4975 |
||